| 000 | 01111nam a22002657a 4500 | ||
|---|---|---|---|
| 005 | 20170124103123.0 | ||
| 010 | _aB-101163 | ||
| 020 |
_c550.00 _a817487318 |
||
| 035 | _aB-101163 | ||
| 037 | _bCen Lib / Ret | ||
| 040 |
_aDPL _bHN |
||
| 082 |
_a364 _bपाण्डेय |
||
| 100 |
_aपाण्डेय, गणेश _982457 |
||
| 245 |
_aअपराधशास्त्र / _cगणेश पाण्डेय |
||
| 246 |
_aApradhshastra / _bby Ganesh Pandey |
||
| 260 |
_aनयी दिल्ली _bराधा पब्लिकेशन _c2003 |
||
| 270 |
_bनयी दिल्ली _a4378/4 B, अनासरी रोड, दरियागंज _e110002 |
||
| 300 |
_a400पृ. _c20सेमी (सजिल्द) |
||
| 500 | _aसन्दर्भ सूची शामिल | ||
| 650 |
_aअपराधशास्त्र _9560 |
||
| 650 |
_aअपराधशास्त्र--समीक्षा _93594 |
||
| 650 |
_aCriminology _982458 |
||
| 650 |
_aCriminology - Review _982459 |
||
| 942 |
_2ddc _cHN _h364 _mपाण्डेय |
||
| 999 |
_c118907 _d118907 |
||